[Event "Remote email"]
[Site "Remote email"]
[Date "2014.01.23"]
[Round "?"]
[White "April, Nora"]
[Black "Klein, Werner"]
[Result "0-1"]
[WhiteElo "1569"]
[BlackElo "1671"]
[PlyCount "76"]
[EventDate "2014.??.??"]
[EventType "tourn (corr)"]
[EventRounds "6"]
[EventCountry "GER"]
[SourceTitle "Corr 2015"]
[Source "ChessBase"]
[SourceDate "2015.07.17"]
[SourceVersion "1"]
[SourceVersionDate "2015.07.17"]
[SourceQuality "1"]

1. f4 d5 2. Nf3 Nf6 3. h3 e6 4. d4 Ne4 5. h4 Be7 6. g3 Nxg3 7. Rg1 Bxh4 8. Kd2 Ne4+ 9. Kd3 Nf2+ 10. Kd2 Nxd1 11. Kxd1 0-0 12. Rh1 Be7 13. Bh3 Nd7 14. Nc3 Nf6 15. f5 exf5 16. Rg1 g6 17. Rh1 Ne4 18. Be3 c5 19. dxc5 Nxc3+ 20. Ke1 Ne4 21. b4 b6 22. c6 a6 23. Rb1 Bh4+ 24. Kd1 Bf2 25. Bf4 Nc3+ 26. Kc1 Nxb1 27. c7 Qe7 28. Bf1 Qxb4 29. Rh2 Qxf4+ 30. Kxb1 Qb4+ 31. Kc1 Be3+ 32. Nd2 Qxd2+ 33. Kb2 Bf4 34. Kb3 Bxh2 35. Kb2 Bxc7 36. Bg2 Be6 37. Kb1 Qb4+ 38. Kc1 Bf4+ 0-1

[Event "Remote email"]
[Site "Remote email"]
[Date "2013.08.25"]
[Round "?"]
[White "Klein, Werner"]
[Black "April, Nora"]
[Result "0-1"]
[WhiteElo "1658"]
[BlackElo "1518"]
[PlyCount "64"]
[EventDate "2013.??.??"]
[EventType "tourn (corr)"]
[EventRounds "6"]
[EventCountry "GER"]
[SourceTitle "Corr 2015"]
[Source "ChessBase"]
[SourceDate "2015.07.17"]
[SourceVersion "1"]
[SourceVersionDate "2015.07.17"]
[SourceQuality "1"]

1. e4 b6 2. d4 Bb7 3. Nc3 e6 4. Bd3 g6 5. Nf3 f6 6. 0-0 d5 7. e5 h5 8. Bxg6+ Ke7 9. Nh4 Kd7 10. Bxh5 fxe5 11. dxe5 Qxh4 12. h3 Rxh5 13. g4 Rxe5 14. Bf4 Bg7 15. Bxe5 Bxe5 16. Qf3 Nf6 17. Rae1 Nc6 18. Kg2 d4 19. Nb1 a5 20. Nd2 Rg8 21. Nc4 Rxg4+ 22. Kh1 Kc8 23. Rg1 Ne7 24. Nxe5 Bxf3+ 25. Nxf3 Qxh3+ 26. Nh2 Rh4 27. Rg2 d3 28. cxd3 Qxd3 29. Rxe6 Qd1+ 30. Rg1 Qd5+ 31. Rg2 Qd1+ 32. Rg1 Qd5+ 0-1